000 00412nam a2200169Ia 4500
005 20241118015530.0
008 240331s9999 xx 000 0 und d
020 _a9789555271103
082 _bPIY
_a823
100 _aPiyaratna,V
245 0 _aGo slowly lovely moon
260 _aColombo
_bSamayawardhana Printers (Pvt) Ltd
_c2010
300 _aIX, 90 P .,
650 _aLove
650 _aFamily
942 _cL
999 _c5650
_d5650